000 01409cam a2200313 a 4500
001 2035360
003 OSt
005 20151011182013.0
008 930204s1993 ohua b 001 0 eng
010 _a 92082559
020 _a1881855023 (Magna Physics Pub.)
020 _a0198593872 (Clarendon Press) :
_c£45.00 ($67.50 U.S.)
040 _aDLC
_cDLC
_dDLC
050 0 0 _aTK2787
_b.M55 1993
082 0 0 _a621.46
_220
_bMTS
100 1 _aMiller, T. J. E.
_q(Timothy John Eastham),
_d1947-
_951848
245 1 0 _aSwitched reluctance motors and their control /
_cT.J.E. Miller.
260 _aHillsboro, OH :
_bMagna Physics Pub. ;
_aOxford :
_bClarendon Press,
_c1993.
300 _a200, [5] p. :
_bill. ;
_c24 cm.
440 0 _aMonographs in electrical and electronic engineering ;
_v31
_951849
440 0 _aOxford science publications
_951850
504 _aIncludes bibliohgraphical references (p. [201]-[205]) and index.
650 0 _aReluctance motors.
_951851
856 4 2 _3Publisher description
_uhttp://www.loc.gov/catdir/enhancements/fy0635/92082559-d.html
856 4 1 _3Table of contents only
_uhttp://www.loc.gov/catdir/enhancements/fy0635/92082559-t.html
906 _a7
_bcbc
_corignew
_d1
_eopcn
_f19
_gy-gencatlg
942 _2ddc
_cBOOK
999 _c38323
_d272823